Uncharted Quiz - Statistics

General Stats
  • This quiz has been taken 719 times
    707 since last reset
  • The average score is 13 of 21
Answer Stats
Hint Answer % Correct
Protagonists Name Nathan Drake
99%
Nathan's Brother Samuel Drake
97%
Name of the 1st Game Uncharted 1: Drake's Fortune
86%
Best friend, Practically raised Nate, Owns a plane Victor Sulliven (Sully)
85%
Reporter and Wife to Nathan Drake Elena Fisher
79%
Name of the 4th Game Uncharted 4: A Thief's End
79%
Name of the 2nd Game Uncharted 2: Among Thieves
77%
Name of the 3rd Game Uncharted 3: Drake's Deception
75%
What Nate found in the 1st game El Dorado
67%
Nathan had relationship with her before he married Elena, Was in the second game Chloe Frazer
64%
Antagonist Sidekick from 4th game Nadine Ross
55%
Nathan's birth given name Nathan Morgan
53%
What Nate found in the 2nd game Shambala
53%
Antagonist from 2nd game Zoran Lazarevic
52%
Antagonist from 4th game Rafe Adler
51%
Nathan's Mother Cassandra Morgan
49%
Antagonist from 3rd game Katherine Marlowe
47%
Antagonist Sidekick from 3rd game Talbot
46%
Antagonist from 1st Game Gabriel Roman
44%
What Nate found in the 4th game Libertalia
40%
What Nate found in the 3rd game Iram of the Pillars
38%
No matching quizzes found
Score Distribution
Percent of People with Each Score
Percentile by Number Answered
Your Score History
You have not taken this quiz since the last reset